000 00627nam a2200205Ia 4500
001 16962
003 GE_BSU
008 181216s||||||||xx |||||||||||||| ||und||
040 _cGE_BSU
080 _a821.353.1-32
100 _aარაგვისპირელი, შიო
245 _aერთტომეული : [მოთხრობები]
245 _cრედ.ლ.თურმანიძე
260 _aთბილისი
260 _bმერანი
260 _c1970
300 _a639გვ. : ილ. 9 ფ. ილ. ; 22სმ
653 _aმოთხრობები
942 _cBK
999 _c50024
_d50024